BIBLIOTECA

SENCICO

Arquitectura, en teoría : (Registro nro. 3734)

Detalles MARC
000 -LEADER
fixed length control field 00837nam a22002537a 4500
003 - CONTROL NUMBER IDENTIFIER
control field PE SENCICO BE
005 - DATE AND TIME OF LATEST TRANSACTION
control field 20251020182623.0
008 - FIXED-LENGTH DATA ELEMENTS--GENERAL INFORMATION
fixed length control field 230103b |||||||| |||| 00| 0 eng d
020 ## - INTERNATIONAL STANDARD BOOK NUMBER
International Standard Book Number 978-987-584-297-7
040 ## - CATALOGING SOURCE
Original cataloging agency PE SENCICO BE
Transcribing agency PE SENCICO BE
041 ## - LANGUAGE CODE
Language code of text/sound track or separate title spa
082 ## - DEWEY DECIMAL CLASSIFICATION NUMBER
Classification number 720.01
Item number L63
100 1# - MAIN ENTRY--PERSONAL NAME
9 (RLIN) 374
Personal name Liernur, Jorge Francisco
245 1# - TITLE STATEMENT
Title Arquitectura, en teoría :
Remainder of title escritos 1986-2010 /
Statement of responsibility, etc. Jorge Francisco Liernur
250 ## - EDITION STATEMENT
Edition statement 1a ed.
260 ## - PUBLICATION, DISTRIBUTION, ETC.
Place of publication, distribution, etc. Buenos Aires:
Name of publisher, distributor, etc. Nobuko,
Date of publication, distribution, etc. 2010
300 ## - PHYSICAL DESCRIPTION
Extent 291 p.:
Dimensions 20 cm.
440 ## - SERIES STATEMENT/ADDED ENTRY--TITLE
9 (RLIN) 375
Title Teoría y crítica de la arquitectura
650 14 - SUBJECT ADDED ENTRY--TOPICAL TERM
9 (RLIN) 49
Topical term or geographic name entry element Arquitectura
Form subdivision Ensayos, conferencias, etc.
650 24 - SUBJECT ADDED ENTRY--TOPICAL TERM
9 (RLIN) 366
Topical term or geographic name entry element Crítica arquitectónica
710 1# - ADDED ENTRY--CORPORATE NAME
9 (RLIN) 376
Corporate name or jurisdiction name as entry element Sociedad Central de Arquitectos
910 ## - USER-OPTION DATA (OCLC)
-- hfp
-- hfp
942 ## - ADDED ENTRY ELEMENTS (KOHA)
Source of classification or shelving scheme Dewey Decimal Classification
Koha item type Libros
Classification part 720.01
Item part L63
Existencias
Fecha de la última vez que lo usaron Número de ingreso o de inventario Pago total Signatura topográfica completa Precio efectivo desde Tipo de documento Estado perdido Sistema de clasificación Estado dañado No es para préstamo Retirado Ubicación permanente Ubicación actual Fecha de adquisición
03/01/2023 16434   720.01/L63 03/01/2023 Libros   Dewey Decimal Classification       Biblioteca Central Lima Biblioteca Central Lima 03/01/2023